TV Title Slot Machine Quiz Stats

Quiz Updated Nov 11, 2012

Challenge
Share
Tweet
Score 0/108 Timer 07:00
1 Play Today
Word Title % Correct
EverybodyEverybody Loves Raymond
98.2%
LovesEverybody Loves Raymond
98.2%
RaymondEverybody Loves Raymond
98.2%
WithMarried...with Children
95.1%
ChildrenMarried...with Children
95.1%
MarriedMarried...with Children
95.1%
CurbCurb Your Enthusiasm
94.9%
YourCurb Your Enthusiasm
94.9%
EnthusiasmCurb Your Enthusiasm
94.9%
FreaksFreaks and Geeks
93.7%
AndFreaks and Geeks
93.7%
GeeksFreaks and Geeks
93.7%
BoyBoy Meets World
93.5%
MeetsBoy Meets World
93.5%
WorldBoy Meets World
93.5%
RecreationParks and Recreation
92.8%
ParksParks and Recreation
92.8%
AndParks and Recreation
92.8%
NightFriday Night Lights
92.2%
FridayFriday Night Lights
92.2%
TheThe Vampire Diaries
92.2%
VampireThe Vampire Diaries
92.2%
DiariesThe Vampire Diaries
92.2%
LightsFriday Night Lights
92.2%
SaturdaySaturday Night Live
91.9%
NightSaturday Night Live
91.9%
LiveSaturday Night Live
91.9%
KingKing of Queens
91.5%
OfKing of Queens
91.5%
QueensKing of Queens
91.5%
SonsSons of Anarchy
91.3%
OfSons of Anarchy
91.3%
AnarchySons of Anarchy
91.3%
PhineasPhineas and Ferb
90.8%
AndPhineas and Ferb
90.8%
FerbPhineas and Ferb
90.8%
Word Title % Correct
GameGame of Thrones
90.7%
OfGame of Thrones
90.7%
ThronesGame of Thrones
90.7%
II Love Lucy
90.2%
LoveI Love Lucy
90.2%
LucyI Love Lucy
90.2%
YearsThe Wonder Years
89.3%
TheThe Wonder Years
89.3%
WonderThe Wonder Years
89.3%
TheThe West Wing
87.9%
WestThe West Wing
87.9%
WingThe West Wing
87.9%
SixSix Feet Under
87.7%
UnderSix Feet Under
87.7%
FeetSix Feet Under
87.7%
TreeOne Tree Hill
85.8%
OneOne Tree Hill
85.8%
HillOne Tree Hill
85.8%
That'sThat's So Raven
85.5%
SoThat's So Raven
85.5%
RavenThat's So Raven
85.5%
AndSanford and Son
85.3%
SonSanford and Son
85.3%
SanfordSanford and Son
85.3%
JoanJoan of Arcadia
84.9%
OfJoan of Arcadia
84.9%
ArcadiaJoan of Arcadia
84.9%
WithoutWithout a Trace
84.6%
AWithout a Trace
84.6%
TraceWithout a Trace
84.6%
BrothersBrothers and Sisters
84.4%
AndBrothers and Sisters
84.4%
SistersBrothers and Sisters
84.4%
MadMad About You
83.1%
AboutMad About You
83.1%
YouMad About You
83.1%
Word Title % Correct
CharlesCharles in Charge
82.7%
InCharles in Charge
82.7%
ChargeCharles in Charge
82.7%
LaLa Femme Nikita
79.8%
FemmeLa Femme Nikita
79.8%
NikitaLa Femme Nikita
79.8%
InIn Plain Sight
79.5%
PlainIn Plain Sight
79.5%
SightIn Plain Sight
79.5%
HotHot in Cleveland
79.5%
InHot in Cleveland
79.5%
ClevelandHot in Cleveland
79.5%
PartyParty of Five
79.3%
OfParty of Five
79.3%
FiveParty of Five
79.2%
InIn Living Color
78.2%
LivingIn Living Color
78.2%
ColorIn Living Color
78.2%
WelcomeWelcome Back Kotter
78.2%
BackWelcome Back Kotter
78.2%
KotterWelcome Back Kotter
78.2%
QueerQueer as Folk
77.2%
AsQueer as Folk
77.2%
FolkQueer as Folk
77.2%
JustJust Shoot Me
76.7%
ShootJust Shoot Me
76.7%
MeJust Shoot Me
76.7%
HillHill Street Blues
76.2%
StreetHill Street Blues
76.2%
BluesHill Street Blues
76.2%
GraceGrace Under Fire
74.9%
UnderGrace Under Fire
74.9%
FireGrace Under Fire
74.9%
LifeLife on Mars
73.7%
OnLife on Mars
73.7%
MarsLife on Mars
73.7%

You're not logged in!

Compare scores with friends on all Sporcle quizzes.
Sign Up with Email
OR
Log In

You Might Also Like...

Show Comments

Extras

Top Quizzes Today


Score Distribution

Your Account Isn't Verified!

In order to create a playlist on Sporcle, you need to verify the email address you used during registration. Go to your Sporcle Settings to finish the process.